Les Enjeux politiques du développement économique en Amérique Centrale /

Сохранить в:
Библиографические подробности
Главный автор: Drouhaud, Pascal
Формат: Текст
Предметы:
Метки: Добавить метку
Нет меток, Требуется 1-ая метка записи!

MARC

LEADER 00000 a a2200000 04500
001 8967
003
040
100 |a Drouhaud, Pascal  
245 |a Les Enjeux politiques du développement économique en Amérique Centrale /  |c Pascal Drouhaud 
650 |a ESTADO  
650 |a POLITICA  
650 |a FUERZAS ARMADAS  
650 |a SOCIEDAD CIVIL  
650 |a DEMOCRACIA  
650 |a DESARROLLO ECONOMICO  
650 |a PAZ  
650 |a ELECCIONES  
773 |g número 171; páginas 33-45  
999 |c 25594  |d 25594